| 000 | 00611nam a2200181Ia 4500 | ||
|---|---|---|---|
| 008 | 090123s9999 xx 000 0 und d | ||
| 082 | _b40911 | ||
| 100 | _aगुप्त कविराज | ||
| 245 |
_a _ रुद्राक्ष महात्म्य |
||
| 250 | _a0 | ||
| 260 | _bगाला पब्लिकेशन | ||
| 300 | _a98 | ||
| 600 | _aगुप्त कविराज | ||
| 630 |
_a _ रुद्राक्ष महात्म्य |
||
| 700 | _aगुप्त कविराज | ||
| 730 |
_a _ रुद्राक्ष महात्म्य |
||
| 942 | _cBOOK | ||
| 999 |
_c78986 _d78986 |
||